000 00609cab a2200205 4500
001 WB2409-45
008 090401t1987 xxu||||| |||| 00| 0 eng d
035 _a(Sirsi) u48812
041 _aeng
245 _aRICS rules relaxed
260 _c1987
350 _a0
490 _aRICS News Service
_vPR48/47/87-88 2 pages
520 _aThe Privy Council has approved the easing of restrictions under which chartered surveyors operate.
650 _aRICS BYE-LAWS
650 _aRICS RULES OF CONDUCT
690 _aMANAGEMENT-BUSINESS MANAGEMENT-PROFESSIONAL PRACTICE
942 _n0
948 _c04/03/1997
999 _c30651
_d30651